Welcome to CU Library Online Public Access Catalogue (OPAC)

Wired to care : (Record no. 4704)

MARC details
000 -LEADER
fixed length control field 00900cam a22002534a 4500
001 - CONTROL NUMBER
control field 15327106
005 - DATE AND TIME OF LATEST TRANSACTION
control field 20250312092720.0
008 - FIXED-LENGTH DATA ELEMENTS--GENERAL INFORMATION
fixed length control field 080612s2009 nju 000 0 eng
020 ## - INTERNATIONAL STANDARD BOOK NUMBER
International Standard Book Number 9780137142347
020 ## - INTERNATIONAL STANDARD BOOK NUMBER
International Standard Book Number 013714234X (hardback : alk. paper)
050 00 - LIBRARY OF CONGRESS CALL NUMBER
Classification number HD58.9
Item number .P38 2009
082 00 - DEWEY DECIMAL CLASSIFICATION NUMBER
Classification number 658.8/343
Edition information 22
100 1# - MAIN ENTRY--PERSONAL NAME
Personal name Patnaik, Dev,
Dates associated with a name 1970-
245 10 - TITLE STATEMENT
Title Wired to care :
Remainder of title how companies prosper when they create widespread empathy /
Statement of responsibility, etc. Dev Patnaik with Peter Mortensen.
260 ## - PUBLICATION, DISTRIBUTION, ETC.
Place of publication, distribution, etc. Upper Saddle River, N.J. :
Name of publisher, distributor, etc. FT Press,
Date of publication, distribution, etc. c2009.
300 ## - PHYSICAL DESCRIPTION
Extent xi, 251 p. ;
Dimensions 21 cm.
650 #0 - SUBJECT ADDED ENTRY--TOPICAL TERM
Topical term or geographic name entry element Organizational effectiveness.
650 #0 - SUBJECT ADDED ENTRY--TOPICAL TERM
Topical term or geographic name entry element Empathy.
650 #0 - SUBJECT ADDED ENTRY--TOPICAL TERM
Topical term or geographic name entry element Interpersonal relations.
650 #0 - SUBJECT ADDED ENTRY--TOPICAL TERM
Topical term or geographic name entry element Success in business
General subdivision Psychological aspects.
700 1# - ADDED ENTRY--PERSONAL NAME
Personal name Mortensen, Peter,
Dates associated with a name 1981-
856 41 - ELECTRONIC LOCATION AND ACCESS
Materials specified Table of contents only
Uniform Resource Identifier <a href="http://www.loc.gov/catdir/toc/ecip0820/2008024346.html">http://www.loc.gov/catdir/toc/ecip0820/2008024346.html</a>
942 ## - ADDED ENTRY ELEMENTS (KOHA)
Source of classification or shelving scheme Library of Congress Classification
Koha item type Books
Suppress in OPAC No
999 ## -
-- 4704
-- 4704
Holdings
Withdrawn status Lost status Source of classification or shelving scheme Damaged status Not for loan Collection Home library Current library Shelving location Date acquired Total checkouts Full call number Barcode Date last seen Copy number Price effective from Koha item type
    Library of Congress Classification     Non-fiction Undergraduate Library (Christ Temple) Undergraduate Library (Christ Temple) General stacks 03/12/2025   HD58.9.P38 PAT ulct00001650 03/12/2025 1 03/12/2025 Books
© 2023-2024 Copyright: Central University Libraries. All Rights Reserved | Created by: Mahone Tech Office